[Event "Lille-Arcueil"]
[Site "Lille"]
[Date "2008.04.05"]
[Round "10.3"]
[White "Julve, Philippe"]
[Black "Zeller, Olivier"]
[Result "1-0"]
[WhiteElo "2228"]
[BlackElo "2010"]
[PlyCount "59"]
[EventDate "2008.04.05"]
[SourceDate "2007.10.24"]

1. d4 d6 2. c4 Nf6 3. Nc3 g6 4. e4 Bg7 5. Be2 O-O 6. Be3 Na6 7. g4 c5 8. g5 Nd7
9. d5 Re8 10. Nf3 Nf8 11. Nd2 e6 12. h4 exd5 13. cxd5 Nc7 14. Qc2 Rb8 15. a4 b6
16. Bf4 Qe7 17. Nc4 Bxc3+ 18. bxc3 Qxe4 19. Qxe4 Rxe4 20. Bxd6 Rxe2+ 21. Kxe2
Ba6 22. Kd3 Rd8 23. Bxc7 Rxd5+ 24. Ke4 Bxc4 25. Rhd1 Rxd1 26. Rxd1 Ne6 27. Bb8
a6 28. Rd6 b5 29. Rxa6 bxa4 30. Ra8 1-0

[Event "Lille-Arcueil"]
[Site "Lille"]
[Date "2008.04.05"]
[Round "10.4"]
[White "Freitas, Jean Paul"]
[Black "Roger, Mehdi"]
[Result "0-1"]
[WhiteElo "1977"]
[BlackElo "2177"]
[PlyCount "88"]
[EventDate "2008.04.05"]
[SourceDate "2007.10.24"]

1. e4 c5 2. Nf3 d6 3. d4 cxd4 4. Nxd4 Nf6 5. Nc3 g6 6. Bc4 Bg7 7. Be3 O-O 8. f3
Nc6 9. Qd2 Nd7 10. Nxc6 bxc6 11. Bh6 Bxh6 12. Qxh6 e6 13. O-O-O d5 14. Bb3 Bb7
15. h4 Qf6 16. h5 g5 17. Qxf6 Nxf6 18. e5 Nd7 19. Rhe1 Nb6 20. Na4 Nxa4 21.
Bxa4 h6 22. Rd2 f6 23. c3 fxe5 24. Rxe5 Rf6 25. Rde2 Kf7 26. Bc2 Bc8 27. Bg6+
Ke7 28. Bd3 Kd6 29. Kc2 Bd7 30. Bg6 Rb8 31. b3 Rf5 32. R5e3 a5 33. Rd2 Be8 34.
Bxe8 Rxe8 35. Rd4 e5 36. Rf4 gxf4 37. Re2 e4 38. c4 Ke5 39. Kd2 Rg8 40. cxd5
cxd5 41. Ke1 Rc8 42. fxe4 dxe4 43. Rd2 Rc1+ 44. Ke2 Rg1 0-1

[Event "Lille-Arcueil"]
[Site "Lille"]
[Date "2008.04.05"]
[Round "10.5"]
[White "Israel, Gregory"]
[Black "Debehaigne, Benoit"]
[Result "1/2-1/2"]
[WhiteElo "2145"]
[BlackElo "1923"]
[PlyCount "67"]
[EventDate "2008.04.05"]
[SourceDate "2007.10.24"]

1. d4 Nf6 2. Bg5 g6 3. Bxf6 exf6 4. e3 Bg7 5. c4 O-O 6. Nc3 d6 7. Be2 Re8 8.
Bf3 f5 9. Nge2 c6 10. b4 Nd7 11. h4 Bf6 12. g3 Nb6 13. c5 Nc4 14. Qd3 d5 15. b5
Bg7 16. O-O Bh6 17. Nf4 Be6 18. Rab1 Qd7 19. Rb3 f6 20. bxc6 bxc6 21. Rfb1 Na5
22. Rb4 g5 23. Nxe6 Qxe6 24. hxg5 fxg5 25. Kg2 g4 26. Bd1 Nc4 27. Rb7 Qg6 28.
Bc2 Bxe3 29. fxe3 Nxe3+ 30. Kg1 Qh6 31. Qd2 Qh3 32. Bd3 Qxg3+ 33. Kh1 Qf3+ 34.
Kg1 1/2-1/2

[Event "Lille-Arcueil"]
[Site "Lille"]
[Date "2008.04.05"]
[Round "10.6"]
[White "Cheron, Stephane"]
[Black "Burgnies, Stephane"]
[Result "0-1"]
[WhiteElo "1991"]
[BlackElo "2121"]
[PlyCount "56"]
[EventDate "2008.04.05"]
[SourceDate "2007.10.24"]

1. e4 e5 2. Nf3 Nc6 3. d4 exd4 4. Nxd4 Nf6 5. Nc3 Bb4 6. Nxc6 bxc6 7. Bd3 d5 8.
exd5 cxd5 9. O-O O-O 10. Bg5 c6 11. Qf3 Be7 12. Rfe1 Rb8 13. Ne2 Rxb2 14. Nd4
Rb6 15. Nf5 Bxf5 16. Qxf5 Ne4 17. Bxe7 Qxe7 18. c4 g6 19. Qf4 Re8 20. cxd5 cxd5
21. Rac1 Qa3 22. Rc7 Rf6 23. Qe3 Nd6 24. Re7 Re6 25. Rxe8+ Nxe8 26. Qc1 Qxd3
27. h3 Rxe1+ 28. Qxe1 Qe4 0-1

[Event "Lille-Arcueil"]
[Site "Lille"]
[Date "2008.04.05"]
[Round "10.7"]
[White "Levaux, Christian"]
[Black "Cabel Simon, Remi"]
[Result "1-0"]
[WhiteElo "2110"]
[BlackElo "1821"]
[PlyCount "81"]
[EventDate "2008.04.05"]
[SourceDate "2007.10.24"]

1. Nf3 g6 2. c4 Bg7 3. g3 d6 4. Bg2 Nf6 5. Nc3 O-O 6. O-O c6 7. d4 Nbd7 8. e4
e5 9. d5 Nc5 10. Ne1 Ne8 11. b4 Nd7 12. Bd2 f5 13. Nd3 f4 14. a4 h5 15. dxc6
bxc6 16. b5 cxb5 17. cxb5 Nb6 18. Qb3+ Kh7 19. a5 Nd7 20. f3 Nc5 21. Nxc5 dxc5
22. Rfd1 Qd4+ 23. Kh1 fxg3 24. hxg3 Nc7 25. Be1 Qe3 26. Qb2 Be6 27. Bf2 Qg5 28.
Bxc5 Rfd8 29. Qf2 Bb3 30. Be3 Qe7 31. Rdb1 Qe6 32. Bf1 Bf8 33. b6 axb6 34. axb6
Ne8 35. Rxa8 Rxa8 36. Qb2 Ra3 37. Nb5 Bc4 38. Bxc4 Qh3+ 39. Qh2 Qxh2+ 40. Kxh2
Rxe3 41. b7 1-0

[Event "Lille-Arcueil"]
[Site "Lille"]
[Date "2008.04.05"]
[Round "10.8"]
[White "De Sousa, Isabelle"]
[Black "Swiercz, Sandra"]
[Result "0-1"]
[WhiteElo "1499"]
[BlackElo "1918"]
[PlyCount "42"]
[EventDate "2008.04.05"]
[SourceDate "2007.10.24"]

1. e4 c5 2. Nf3 e6 3. Bc4 Qc7 4. O-O Nc6 5. d4 cxd4 6. c3 dxc3 7. bxc3 Nf6 8.
Qd3 Ne5 9. Nxe5 Qxe5 10. Rd1 Qxe4 11. f3 Bc5+ 12. Kf1 Qh4 13. Be3 Bxe3 14. Qxe3
Qxc4+ 15. Ke1 Qh4+ 16. Kf1 Qxh2 17. Nd2 Nd5 18. Qc5 b6 19. Qd4 O-O 20. c4 Nf4
21. Re1 Qxg2# 0-1

[Event "Neuville en Ferrain-Rueil Malmaison"]
[Site "Lille"]
[Date "2008.04.05"]
[Round "10.1"]
[White "Stevens, Christian"]
[Black "Williams, Simon"]
[Result "0-1"]
[WhiteElo "2122"]
[BlackElo "2492"]
[PlyCount "56"]
[EventDate "2008.04.05"]
[SourceDate "2007.10.24"]

1. e4 c5 2. Nc3 Nc6 3. g3 g6 4. Bg2 Bg7 5. d3 d6 6. f4 e5 7. Nf3 h5 8. Be3 Nd4
9. h3 Ne7 10. O-O f6 11. Ne2 Be6 12. c3 Nxf3+ 13. Rxf3 Qd7 14. Kh2 h4 15. g4 f5
16. g5 Rc8 17. Rf1 d5 18. d4 exd4 19. cxd4 fxe4 20. Qd2 Nf5 21. Rfd1 c4 22. a4
O-O 23. Nc3 Qc7 24. Rf1 Rf7 25. Rac1 Qb6 26. Ne2 Bf8 27. Bg1 Bb4 28. Qc2 Qd6
0-1

[Event "Neuville en Ferrain-Rueil Malmaison"]
[Site "Lille"]
[Date "2008.04.05"]
[Round "10.2"]
[White "Pira, Davoud"]
[Black "Degraeve, Jean Pierre"]
[Result "0-1"]
[WhiteElo "2408"]
[BlackElo "2131"]
[PlyCount "112"]
[EventDate "2008.04.05"]
[SourceDate "2007.10.24"]

1. d4 d5 2. c4 c6 3. Nf3 Nf6 4. Nc3 e6 5. Bg5 h6 6. Bxf6 Qxf6 7. e3 Nd7 8. Rc1
g6 9. Be2 Bg7 10. O-O O-O 11. b4 Qe7 12. cxd5 cxd5 13. Qb3 Nb8 14. Na4 Nc6 15.
b5 Na5 16. Qc3 b6 17. Ne5 Bxe5 18. dxe5 Bb7 19. Qd4 Rfc8 20. h4 Rxc1 21. Rxc1
Rc8 22. Rxc8+ Bxc8 23. Bd3 Bd7 24. Qf4 Qa3 25. Bf1 Qc1 26. Qb4 Nc4 27. Qc3 Qxc3
28. Nxc3 Nxe5 29. a4 Bc8 30. f4 Nd7 31. Bd3 Nc5 32. Bc2 Kg7 33. Ne2 f6 34. Nd4
Bd7 35. Nf3 a6 36. Nd4 e5 37. Nc6 Bxc6 38. bxc6 Ne6 39. Kf2 e4 40. f5 gxf5 41.
Bb3 Nc7 42. Kg3 Kg6 43. Kf4 Ne6+ 44. Kg3 f4+ 45. exf4 Nc7 46. Kf2 f5 47. Ke3
Kf6 48. Bd1 Ke6 49. g4 fxg4 50. Bxg4+ Kd6 51. Kd4 b5 52. a5 b4 53. Be2 Kxc6 54.
f5 Kd6 55. f6 Ke6 56. Kc5 b3 0-1

[Event "Neuville en Ferrain-Rueil Malmaison"]
[Site "Lille"]
[Date "2008.04.05"]
[Round "10.4"]
[White "Wilson, Alexandra"]
[Black "Tupet, Guillaume"]
[Result "1/2-1/2"]
[WhiteElo "2044"]
[BlackElo "2052"]
[PlyCount "58"]
[EventDate "2008.04.05"]
[SourceDate "2007.10.24"]

1. e4 c5 2. Nf3 Nc6 3. Bb5 g6 4. O-O Bg7 5. c3 Nf6 6. d4 Nxe4 7. d5 Na5 8. Bf4
O-O 9. Re1 Qb6 10. Rxe4 Qxb5 11. Rxe7 Qxb2 12. Nbd2 Qxc3 13. Rc1 Qa3 14. Ne4 b6
15. Nd6 Qxa2 16. Ne5 Ba6 17. Nexf7 Rxf7 18. Rxf7 Rf8 19. Rxf8+ Bxf8 20. Qf3 Qe2
21. Qxe2 Bxe2 22. Re1 Nc4 23. Ne8 Bd3 24. Nf6+ Kf7 25. Nxd7 Bf5 26. Ne5+ Nxe5
27. Bxe5 a6 28. Ra1 Bc8 29. Ra3 b5 1/2-1/2

[Event "Neuville en Ferrain-Rueil Malmaison"]
[Site "Lille"]
[Date "2008.04.05"]
[Round "10.5"]
[White "Boudrenghien, Francois"]
[Black "Minvielle, Loic"]
[Result "1-0"]
[WhiteElo "2096"]
[BlackElo "1894"]
[PlyCount "43"]
[EventDate "2008.04.05"]
[SourceDate "2007.10.24"]

1. d4 d5 2. c4 e5 3. dxe5 d4 4. Nf3 Nc6 5. g3 Bg4 6. Nbd2 Qd7 7. Bg2 O-O-O 8.
O-O Nge7 9. Qa4 Ng6 10. b4 Kb8 11. b5 Ncxe5 12. Nb3 Nxf3+ 13. exf3 Bh3 14. Rd1
d3 15. Be3 b6 16. Nd4 Ne5 17. Rxd3 Qc8 18. Bf4 Bxg2 19. Kxg2 Rxd4 20. Rxd4 Ng6
21. Rad1 Bc5 22. Bxc7+ 1-0

[Event "Neuville en Ferrain-Rueil Malmaison"]
[Site "Lille"]
[Date "2008.04.05"]
[Round "10.6"]
[White "Lagache, Yves"]
[Black "Bertrand, Xavier"]
[Result "0-1"]
[WhiteElo "1767"]
[BlackElo "2110"]
[PlyCount "72"]
[EventDate "2008.04.05"]
[SourceDate "2007.10.24"]

1. d4 d5 2. Nf3 e6 3. Bg5 Be7 4. h4 Nf6 5. Nbd2 Nbd7 6. c3 b6 7. Qa4 O-O 8. Ne5
Nxe5 9. dxe5 Bd7 10. Qf4 Ne8 11. g4 f6 12. exf6 Nxf6 13. Qg3 Bd6 14. f4 Qe8 15.
O-O-O Qg6 16. h5 Qxg5 17. fxg5 Bxg3 18. gxf6 Rxf6 19. Ne4 Bf4+ 20. Kb1 Rf7 21.
Nf2 Raf8 22. Nh3 Be3 23. Bg2 Bb5 24. Bf3 c6 25. g5 Re7 26. g6 hxg6 27. hxg6 Rf6
28. Bh5 c5 29. Rdf1 Be8 30. Rxf6 gxf6 31. Rf1 Kg7 32. Nf4 Bxf4 33. Rxf4 e5 34.
Rf1 e4 35. Rg1 Re5 36. Bg4 Rg5 0-1

[Event "Neuville en Ferrain-Rueil Malmaison"]
[Site "Lille"]
[Date "2008.04.05"]
[Round "10.7"]
[White "Dessenne, Francois"]
[Black "Tornare, Michel"]
[Result "1-0"]
[WhiteElo "2068"]
[BlackElo "1499"]
[PlyCount "49"]
[EventDate "2008.04.05"]
[SourceDate "2007.10.24"]

1. e4 d6 2. d4 Nf6 3. Nc3 g6 4. Nf3 Bg7 5. Be2 O-O 6. O-O Bg4 7. Be3 Nc6 8. Qd2
e5 9. d5 Ne7 10. Bh6 Ne8 11. Bxg7 Kxg7 12. Ng5 Bd7 13. f4 h6 14. Nf3 exf4 15.
Qxf4 g5 16. Qd2 Ng6 17. Nd4 Nf6 18. Rf2 Ng4 19. Bxg4 Bxg4 20. Raf1 Ne5 21. h3
Bh5 22. Ne6+ fxe6 23. Rxf8 Qxf8 24. Rxf8 Rxf8 25. dxe6 1-0

[Event "Neuville en Ferrain-Rueil Malmaison"]
[Site "Lille"]
[Date "2008.04.05"]
[Round "10.8"]
[White "Martinez, Rodolphe"]
[Black "Warkentin, Sabine"]
[Result "1/2-1/2"]
[WhiteElo "1499"]
[BlackElo "1774"]
[PlyCount "31"]
[EventDate "2008.04.05"]
[SourceDate "2007.10.24"]

1. d4 Nf6 2. Nf3 g6 3. c4 Bg7 4. Nc3 O-O 5. e4 d6 6. Be2 Nbd7 7. O-O c5 8. Bg5
cxd4 9. Nxd4 b6 10. Nc6 Qe8 11. Nb5 Nc5 12. e5 dxe5 13. Nxe5 Qd8 14. Qxd8 Rxd8
15. Nc6 Rd7 16. Ne5 1/2-1/2

[Event "Arras-JEEN"]
[Site "Lille"]
[Date "2008.04.06"]
[Round "11.1"]
[White "Bauduin, Etienne"]
[Black "Simon, Olivier"]
[Result "1/2-1/2"]
[WhiteElo "2303"]
[BlackElo "2380"]
[PlyCount "52"]
[EventDate "2008.04.06"]
[SourceDate "2007.10.24"]

1. c4 Nf6 2. Nc3 g6 3. d4 Bg7 4. e4 d6 5. h3 O-O 6. Bg5 Na6 7. Bd3 e5 8. d5 Qe8
9. Nge2 Nd7 10. g4 Ndc5 11. Bc2 f5 12. gxf5 gxf5 13. Rg1 Kh8 14. Ng3 fxe4 15.
Ncxe4 Nxe4 16. Bxe4 Nc5 17. Bc2 e4 18. Be3 Qg6 19. Ne2 Qf7 20. Rxg7 Kxg7 21.
Qd2 Qh5 22. O-O-O Bd7 23. Ng3 Qg6 24. Rg1 Kf7 25. Ne2 Qh5 26. Nf4 Qh4 1/2-1/2

[Event "Arras-JEEN"]
[Site "Lille"]
[Date "2008.04.06"]
[Round "11.2"]
[White "Mehaibia, Azzedine"]
[Black "Saiboulatov, Danial"]
[Result "0-1"]
[WhiteElo "2173"]
[BlackElo "2374"]
[PlyCount "67"]
[EventDate "2008.04.06"]
[SourceDate "2007.10.24"]

1. e4 e6 2. d4 d5 3. Nd2 Nf6 4. e5 Nfd7 5. Bd3 c5 6. c3 Nc6 7. Ne2 cxd4 8. cxd4
f6 9. exf6 Nxf6 10. Nf3 Qc7 11. O-O Bd6 12. Nc3 a6 13. Bg5 O-O 14. Bh4 Nh5 15.
Bg3 g6 16. Re1 Nxg3 17. hxg3 Qg7 18. Bf1 Bd7 19. Na4 Rf6 20. Rc1 Raf8 21. Nc5
Bc8 22. Re2 g5 23. Rc3 g4 24. Ne5 Bxe5 25. dxe5 Rh6 26. Qe1 Qg5 27. f4 gxf3 28.
gxf3 Qh5 29. Bg2 Qh2+ 30. Kf2 Rg6 31. Qh1 Qxg3+ 32. Kf1 Nd4 33. Re1 Nf5 34. Re2
0-1

[Event "Arras-JEEN"]
[Site "Lille"]
[Date "2008.04.06"]
[Round "11.3"]
[White "Laurent, Bruno"]
[Black "Yordanov, Nikolay"]
[Result "1/2-1/2"]
[WhiteElo "2346"]
[BlackElo "2224"]
[PlyCount "79"]
[EventDate "2008.04.06"]
[SourceDate "2007.10.24"]

1. e4 e5 2. Nf3 Nc6 3. Bb5 f5 4. d3 d6 5. Nc3 Nf6 6. Qe2 Be7 7. d4 fxe4 8. Nxe4
O-O 9. dxe5 Nxe5 10. Nxe5 dxe5 11. O-O Nxe4 12. Qxe4 Qd4 13. Bd3 Qxe4 14. Bxe4
Rb8 15. Be3 b6 16. Rfd1 Bd6 17. c4 Be6 18. Bd5 Kf7 19. b3 Rbd8 20. Kf1 Bxd5 21.
Rxd5 c6 22. Rd2 Bb4 23. Rxd8 Rxd8 24. Rc1 Ke6 25. Ke2 h5 26. h3 Ba3 27. Rc2 Bb4
28. a3 Bc5 29. Bd2 Bxa3 30. Ra2 Bc5 31. Rxa7 Rd7 32. Rxd7 Kxd7 33. f3 b5 34.
Kd3 Ke6 35. cxb5 cxb5 36. Ke4 g6 37. Bc3 Bd6 38. g4 Bc7 39. Bb4 Bb8 40. Ba5
1/2-1/2

[Event "Arras-JEEN"]
[Site "Lille"]
[Date "2008.04.06"]
[Round "11.4"]
[White "Regoli, Stephane"]
[Black "Goasdoue, Vincent"]
[Result "1-0"]
[WhiteElo "2224"]
[BlackElo "2153"]
[PlyCount "115"]
[EventDate "2008.04.06"]
[SourceDate "2007.10.24"]

1. e4 g6 2. d4 Bg7 3. Nc3 d6 4. Be3 a6 5. h4 h5 6. Nh3 b5 7. Ng5 e6 8. Bd3 Bb7
9. a4 b4 10. Ne2 Nd7 11. f3 c5 12. c3 bxc3 13. bxc3 Qa5 14. O-O Bc6 15. Bc4 d5
16. Bb3 c4 17. Bc2 Ne7 18. Qd2 O-O 19. e5 Nf5 20. g4 Nxe3 21. Qxe3 hxg4 22.
fxg4 Qb6 23. Rab1 Qd8 24. Rf2 Qe7 25. Rbf1 Bh6 26. Qh3 f6 27. exf6 Rxf6 28.
Rxf6 Nxf6 29. Bxg6 Rf8 30. Nf7 Bg7 31. Ne5 Be8 32. g5 Ne4 33. Bxe4 dxe4 34.
Rxf8+ Kxf8 35. Qf1+ Kg8 36. Qf4 Qb7 37. Qg4 Qb6 38. Qxe4 Qb2 39. Nxc4 Qa1+ 40.
Kf2 Qxa4 41. Nd6 Qd7 42. Nxe8 Qxe8 43. Nf4 e5 44. dxe5 Qxe5 45. Qxe5 Bxe5 46.
Nd5 Kf7 47. Kf3 a5 48. Ke4 Bd6 49. Kf5 a4 50. c4 Bg3 51. Nc3 a3 52. h5 Be1 53.
Na2 Bf2 54. h6 Bd4 55. g6+ Kg8 56. Ke6 Be3 57. h7+ Kg7 58. h8=Q+ 1-0

[Event "Arras-JEEN"]
[Site "Lille"]
[Date "2008.04.06"]
[Round "11.5"]
[White "Andrieux, Pascal"]
[Black "Logel, Matthieu"]
[Result "1-0"]
[WhiteElo "2230"]
[BlackElo "2009"]
[PlyCount "91"]
[EventDate "2008.04.06"]
[SourceDate "2007.10.24"]

1. e4 c5 2. Nc3 Nc6 3. g3 g6 4. Bg2 Bg7 5. Nge2 d6 6. d3 e6 7. O-O Nge7 8. Be3
O-O 9. Qd2 Nd4 10. Nc1 Rb8 11. a4 Nec6 12. Nd1 Ne5 13. f3 a6 14. c3 Ndc6 15.
Bh6 Bh8 16. Bxf8 Qxf8 17. Ne3 b5 18. axb5 axb5 19. f4 Nd7 20. f5 Nde5 21. Ne2
Qh6 22. Rad1 b4 23. d4 bxc3 24. bxc3 cxd4 25. cxd4 Rb2 26. Qxb2 Qxe3+ 27. Kh1
Ba6 28. dxe5 Qxe2 29. Qxe2 Bxe2 30. Rxd6 Bxf1 31. Bxf1 Nxe5 32. Rd8+ Kg7 33.
f6+ Kxf6 34. Rxh8 h5 35. Kg2 Ng4 36. h3 Ne5 37. Kf2 Kg5 38. h4+ Kf6 39. Be2 Nc6
40. Ke3 Ke5 41. Rc8 Kd6 42. Rxc6+ Kxc6 43. e5 Kd7 44. Kf4 Ke7 45. Kg5 Kf8 46.
Kf6 1-0

[Event "Arras-JEEN"]
[Site "Lille"]
[Date "2008.04.06"]
[Round "11.6"]
[White "Maillot, Fabien"]
[Black "Manet, Eric"]
[Result "0-1"]
[WhiteElo "2039"]
[BlackElo "2015"]
[PlyCount "74"]
[EventDate "2008.04.06"]
[SourceDate "2007.10.24"]

1. e4 c5 2. Nf3 d6 3. Bb5+ Bd7 4. Bxd7+ Qxd7 5. O-O Nf6 6. Re1 Nc6 7. Nc3 e6 8.
d4 cxd4 9. Nxd4 Be7 10. Bg5 O-O 11. Qd2 Ne5 12. Qe2 Rac8 13. Rad1 Nc4 14. Bc1
a6 15. a4 Qc7 16. b3 Na5 17. Nb1 Rfd8 18. Bg5 h6 19. Bh4 d5 20. exd5 Rxd5 21.
Bxf6 Bxf6 22. Nxe6 Qd7 23. Nf4 Rxd1 24. Rxd1 Qc7 25. Nd5 Qxc2 26. Nxf6+ gxf6
27. Qg4+ Kh7 28. h4 Nxb3 29. Kh2 Rc4 30. Qh5 Qg6 31. Qf3 Rxh4+ 32. Kg1 Nc5 33.
Nc3 Qh5 34. Qxh5 Rxh5 35. Rd6 Kg7 36. Nd5 Rf5 37. g4 Rf3 0-1

[Event "Arras-JEEN"]
[Site "Lille"]
[Date "2008.04.06"]
[Round "11.7"]
[White "Stawiarski, Edmond"]
[Black "Lagaude, Stephane"]
[Result "1-0"]
[WhiteElo "2117"]
[BlackElo "1990"]
[PlyCount "89"]
[EventDate "2008.04.06"]
[SourceDate "2007.10.24"]

1. d4 d5 2. Nf3 Nf6 3. Bf4 c5 4. e3 Nc6 5. c3 Bg4 6. Be2 Nh5 7. Bg5 Qb6 8. Qb3
Qxb3 9. axb3 h6 10. Bh4 g5 11. Bg3 Nxg3 12. hxg3 cxd4 13. exd4 Bg7 14. b4 b6
15. Ba6 Rb8 16. Bb5 Bd7 17. Bxc6 Bxc6 18. Rxa7 Ra8 19. Rxa8+ Bxa8 20. Nbd2 Bb7
21. O-O O-O 22. Ra1 Ra8 23. Rxa8+ Bxa8 24. Nf1 f6 25. Ne3 e5 26. Nf5 exd4 27.
N3xd4 Bf8 28. Ne6 h5 29. f3 Bc6 30. Nxf8 Kxf8 31. Kf2 Bd7 32. Nd4 Ke7 33. Ke3
Kd6 34. f4 Ke7 35. Nf3 g4 36. Nd4 Kd6 37. b3 b5 38. Kd3 Bc6 39. Nxc6 Kxc6 40.
Kd4 Kd6 41. c4 dxc4 42. bxc4 Kc6 43. cxb5+ Kxb5 44. Ke4 Kxb4 45. Kf5 1-0

[Event "Arras-JEEN"]
[Site "Lille"]
[Date "2008.04.06"]
[Round "11.8"]
[White "Gatine, Aurelia"]
[Black "Loyer, Angelique"]
[Result "1-0"]
[WhiteElo "2011"]
[BlackElo "1970"]
[PlyCount "67"]
[EventDate "2008.04.06"]
[SourceDate "2007.10.24"]

1. e4 c5 2. Nf3 e6 3. d4 cxd4 4. Nxd4 a6 5. Be2 Qc7 6. f4 Nc6 7. c3 Nf6 8. Bf3
Bc5 9. e5 Ng8 10. O-O Qb6 11. Bxc6 dxc6 12. Kh1 Bd7 13. Nd2 Qc7 14. Ne4 Be7 15.
Nf3 Nh6 16. Nd6+ Bxd6 17. exd6 Qb6 18. Ne5 Rd8 19. g4 Qb5 20. c4 Qc5 21. b4
Qxb4 22. Be3 f6 23. g5 fxe5 24. gxh6 Qxc4 25. hxg7 Qe4+ 26. Qf3 Qxf3+ 27. Rxf3
Rg8 28. fxe5 Rxg7 29. Raf1 Bc8 30. Bh6 Rg8 31. Rf8+ Rxf8 32. Rxf8+ Kd7 33. Rf7+
Ke8 34. Re7# 1-0

[Event "Club 608-Lille"]
[Site "Lille"]
[Date "2008.04.06"]
[Round "11.1"]
[White "Carlhammar, Magnus"]
[Black "Cappon, John"]
[Result "1/2-1/2"]
[WhiteElo "2324"]
[BlackElo "2222"]
[PlyCount "28"]
[EventDate "2008.04.06"]
[SourceDate "2007.10.24"]

1. Nf3 d5 2. g3 Nc6 3. d4 Bf5 4. c3 Qd7 5. Qa4 f6 6. b4 e6 7. Nbd2 Bd6 8. Bg2
Nge7 9. O-O O-O 10. b5 Nd8 11. c4 c6 12. bxc6 Ndxc6 13. Ba3 Rfd8 14. cxd5 exd5
1/2-1/2

[Event "Club 608-Lille"]
[Site "Lille"]
[Date "2008.04.06"]
[Round "11.2"]
[White "Bouhallel, Rabah"]
[Black "Baillon, Olivier"]
[Result "0-1"]
[WhiteElo "2287"]
[BlackElo "2265"]
[PlyCount "132"]
[EventDate "2008.04.06"]
[SourceDate "2007.10.24"]

1. e4 e6 2. d4 d5 3. Nc3 Nc6 4. Nf3 Nf6 5. e5 Ne4 6. Bd3 Bb4 7. Bd2 Nxd2 8.
Qxd2 f6 9. a3 Bxc3 10. Qxc3 fxe5 11. Bb5 O-O 12. Bxc6 exd4 13. Nxd4 bxc6 14.
O-O Qd6 15. Nxc6 Bb7 16. Na5 Ba6 17. Rfd1 c5 18. Qg3 Qb6 19. b4 c4 20. c3 Rac8
21. Re1 Bb5 22. Rad1 Rf6 23. Qe3 Rc7 24. Qd4 Be8 25. Re3 Bg6 26. Rd2 Be8 27. f3
Kf8 28. Kf2 Ba4 29. Qe5 Rcf7 30. Rd4 Qc7 31. Rd2 Qxe5 32. Rxe5 Rc7 33. Ke2 h6
34. Ke3 g5 35. Rd4 Rg7 36. h3 h5 37. Rd2 Rfg6 38. Kd4 Rc7 39. Ke3 Kf7 40. Kd4
h4 41. Rb2 a6 42. Rf2 Ke7 43. Rfe2 Kd6 44. Rd2 Rf7 45. Re1 Rf4+ 46. Ke3 Rg7 47.
Rd4 e5 48. Rd2 Rc7 49. Rc1 Rd7 50. Kf2 Rc7 51. Ke3 Ke6 52. Kf2 Bb5 53. Re1 Rd7
54. Rde2 Rf5 55. Ra2 Ba4 56. Rd2 Kf7 57. Kg1 Ke6 58. Kf2 Rc7 59. Kg1 Kd6 60.
Kf2 Rf6 61. Re4 Rf4 62. Re1 d4 63. Re4 Rxe4 64. fxe4 Ke7 65. Ra2 dxc3 66. Ra1
c2 0-1

[Event "Club 608-Lille"]
[Site "Lille"]
[Date "2008.04.06"]
[Round "11.3"]
[White "Sohier, Julien"]
[Black "Julve, Philippe"]
[Result "1-0"]
[WhiteElo "2272"]
[BlackElo "2228"]
[PlyCount "67"]
[EventDate "2008.04.06"]
[SourceDate "2007.10.24"]

1. e4 g6 2. d4 d6 3. Nc3 Bg7 4. f4 c6 5. Nf3 Bg4 6. Be3 Qb6 7. Qd2 Qxb2 8. Rb1
Qa3 9. Rxb7 Bc8 10. Rb3 Qa5 11. d5 Bxc3 12. Qxc3 Qxc3+ 13. Rxc3 c5 14. Ra3 Nf6
15. Nd2 Nbd7 16. Bd3 O-O 17. Nc4 Rb8 18. O-O a6 19. Na5 Re8 20. Bd2 Rb6 21. c4
h5 22. Nc6 Nb8 23. Ba5 Rb2 24. Nxb8 Rxb8 25. e5 dxe5 26. fxe5 Ng4 27. e6 f5 28.
Bc2 Rb2 29. Ba4 Rf8 30. d6 Bb7 31. Rg3 h4 32. Rxg4 fxg4 33. Rxf8+ Kxf8 34. d7
1-0

[Event "Club 608-Lille"]
[Site "Lille"]
[Date "2008.04.06"]
[Round "11.4"]
[White "Roger, Mehdi"]
[Black "Aguirre, Simon"]
[Result "1-0"]
[WhiteElo "2177"]
[BlackElo "2278"]
[PlyCount "55"]
[EventDate "2008.04.06"]
[SourceDate "2007.10.24"]

1. e4 c5 2. Nf3 e6 3. d4 cxd4 4. Nxd4 Nc6 5. Nc3 Qc7 6. Be3 Nf6 7. Bd3 a6 8.
O-O b5 9. Nxc6 dxc6 10. a4 b4 11. Nb1 Bb7 12. Nd2 h5 13. h3 Bd6 14. f4 e5 15.
Nc4 exf4 16. Bb6 Qxb6+ 17. Nxb6 Bc5+ 18. Kh1 Bxb6 19. Rxf4 Ng4 20. Rxg4 hxg4
21. Qxg4 Bd4 22. e5 c5 23. Bc4 Bxe5 24. Re1 f6 25. Qe6+ Kd8 26. Rd1+ Kc7 27.
Rd7+ Kb8 28. Qb6 1-0

[Event "Club 608-Lille"]
[Site "Lille"]
[Date "2008.04.06"]
[Round "11.5"]
[White "Eche, Sylvain"]
[Black "Faure, Stephane"]
[Result "1-0"]
[WhiteElo "2208"]
[BlackElo "2153"]
[PlyCount "95"]
[EventDate "2008.04.06"]
[SourceDate "2007.10.24"]

1. e4 c5 2. Nc3 d6 3. g3 Nc6 4. Bg2 g6 5. d3 Bg7 6. Nge2 Bg4 7. h3 Bd7 8. Be3
Qc8 9. f4 b5 10. Qd2 b4 11. Nd1 Rb8 12. Rc1 h5 13. c3 Qa6 14. d4 bxc3 15. Ndxc3
cxd4 16. Nxd4 Nb4 17. Bf1 Qb7 18. a3 Nc6 19. b4 Nf6 20. Bg2 Nxd4 21. Qxd4 O-O
22. O-O Ng4 23. e5 dxe5 24. Qd2 Qa6 25. hxg4 Bxg4 26. Nb1 Rbd8 27. Qf2 exf4 28.
gxf4 e5 29. Bc5 exf4 30. Qxf4 Rfe8 31. Qxf7+ Kh7 32. Rce1 Re2 33. Rxe2 Qxe2 34.
Qxa7 h4 35. Qe7 h3 36. Qh4+ Bh5 37. Qxh3 Rd3 38. Qh4 Rd1 39. Qf2 Qd3 40. Rxd1
Qxd1+ 41. Qf1 Bd4+ 42. Bxd4 Qxd4+ 43. Kh2 g5 44. Qf5+ Bg6 45. Qh3+ Kg8 46. Nc3
Qf4+ 47. Qg3 Qc1 48. a4 1-0

[Event "Club 608-Lille"]
[Site "Lille"]
[Date "2008.04.06"]
[Round "11.6"]
[White "Israel, Gregory"]
[Black "De Marchi, Olivier"]
[Result "0-1"]
[WhiteElo "2145"]
[BlackElo "2217"]
[PlyCount "60"]
[EventDate "2008.04.06"]
[SourceDate "2007.10.24"]

1. d4 g6 2. e4 Bg7 3. Nc3 d6 4. Bg5 Nd7 5. Qd2 c5 6. d5 Qa5 7. Nb5 Qxd2+ 8.
Kxd2 Kf8 9. Nc3 Ngf6 10. Be2 Ne8 11. f4 Nc7 12. Bf3 b5 13. e5 Bb7 14. Bxe7+
Kxe7 15. exd6+ Kxd6 16. Ne4+ Ke7 17. d6+ Kd8 18. dxc7+ Kxc7 19. Ng5 Nb6 20.
Bxb7 Kxb7 21. Nxf7 Nc4+ 22. Ke2 Rhf8 23. Ng5 Rae8+ 24. Kf2 Bxb2 25. Rb1 Rxf4+
26. N1f3 h6 27. Nh3 Rfe4 28. Rhe1 Rxe1 29. Nxe1 Kc6 30. Ng1 Bd4+ 0-1

[Event "Club 608-Lille"]
[Site "Lille"]
[Date "2008.04.06"]
[Round "11.7"]
[White "Metral, Jean Paul"]
[Black "Burgnies, Stephane"]
[Result "0-1"]
[WhiteElo "2197"]
[BlackElo "2121"]
[PlyCount "130"]
[EventDate "2008.04.06"]
[SourceDate "2007.10.24"]

1. d4 d5 2. Bf4 Nf6 3. h3 c5 4. e3 Nc6 5. Nf3 Bf5 6. c3 Qb6 7. b3 e6 8. Bd3 Be4
9. O-O Be7 10. Qe2 O-O 11. Nbd2 Bxd3 12. Qxd3 Rac8 13. Rfc1 h6 14. Ne5 a6 15.
Rab1 Qd8 16. Nxc6 Rxc6 17. c4 Qc8 18. Be5 Rd8 19. Qe2 Ne4 20. Nxe4 dxe4 21.
dxc5 Rxc5 22. Bd4 Rg5 23. Kh1 e5 24. Bc3 Rd3 25. Kh2 Qf5 26. Rc2 Qg6 27. Rg1
Qd6 28. b4 f5 29. c5 Qc7 30. Kh1 Bf6 31. Rd1 Qc6 32. f4 exf4 33. Rxd3 f3 34.
Rd8+ Bxd8 35. Qc4+ Kh7 36. Be5 Qg6 37. g3 Rxg3 38. Bxg3 Qxg3 39. Qf1 f4 40.
exf4 e3 41. Qd3+ Qg6 42. f5 Qg5 43. f6+ Qg6 44. Qxe3 Qxc2 45. Qxf3 Bxf6 46.
Qxb7 Be5 47. Qg2 Qb1+ 48. Qg1 Qxb4 49. Qe3 Qb1+ 50. Kg2 Qxa2+ 51. Kf1 Qd5 52.
Ke2 a5 53. c6 Qc4+ 54. Kd1 Bf4 55. Qf3 a4 56. c7 Qxc7 57. Qe4+ g6 58. Qxa4 Qc1+
59. Ke2 Qe3+ 60. Kf1 Qxh3+ 61. Kf2 Qe3+ 62. Kf1 h5 63. Qa8 Bg3 64. Qa2 Qe1+ 65.
Kg2 Qf2+ 0-1